000 00192 a2200097 4500
020 _aU2012'0507
041 _aeng
100 _aBryson, Bill
245 _aNotes from a small island
942 _cBK
999 _c11423
_d11423